1978 1731 1801 1336 1422 1790 1914 1968 1992 1587 1165 1470 1261 1665 1682 1319 1264 1007 1066 1928 1098 1476 1079 1766 1999 1694 1345 1285 1230 1997 1215 1571 1366 1545 1922 1921 1188 1032 1841 1340 1151 1003 1197 1102 1239 1340 1415 1934 1489 1213 1952 1431 1531 1408 1263 1211 1782 1910 1503 1406 1111 1196 1657 1306 1610 1557 1654 1701 1453 1556 1857 1129 1983 1618 1050 1227 1770 1688 1555 1573 1514 1726 1119 1352 1535 1287 1676 1030 1456 1143 1673 1669 1796 1870 1351 1515 1574 1032 1667 BCNSPRNW ULIB Ver.6.0+V

เปลี่ยนเป็นภาษาไทย

Change to English
 แสดงรายละเอียดบรรณานุกรม
  กลับหน้าหลัก

Brief Record : Get Marc (ISO 2709) : E-mail record : QR code < ปิดหน้าต่าง
LEADER : 00000nam 2200000uu 4500
001    13399111631
003     ULIB
008    110704s2551||||th 000 0 tha d
020    9789746723428
060 04 QV150^bอ252C 2551
245 00 Cardiovascular drugs /^cอภิชาต สุคนธสรรพ์, บรรณาธิการ
250    พิมพ์ครั้งที่ 1
260    เชียงใหม่ :^bทริคธิงค์,^c2551
300    [7], 576, [10] หน้า :^bภาพประกอบ ;^c27 ซม.
504    มีบรรณานุกรมและดัชนี
650  7 ยารักษาโรคทางระบบหัวใจและหลอดเลือด
650  7 หัวใจร่วมหลอดเลือด, โรค^xการรักษาด้วยยา
650  7 หัวใจ, โรค^xการรักษาด้วยยา
700 0  อภิชาต สุคนธสรรพ์,^eบรรณาธิการ
945    ^p700^l0^i16154
995    กัณชพร
999    ^aใช้งานได้ทุกระบบ
รายการนี้ยังไม่มีแท็ก
คุณยังไม่ได้ล็อกอิน คุณสามารถมีกิจกรรมร่วมกับเว็บไซต์ได้ แต่ต้องล็อกอินก่อน ::
  ล็อกอิน

รายการสื่อสารสนเทศ

ลำดับที่ ประเภท เลขเรียก/บาร์โค้ด สถานที่ สถานะ
1. วิทยาศาสตร์การแพทย์ และสุขภาพ
วิทยาศาสตร์การแพทย์ และสุขภาพ
QV150 อ252C 2551  
  Barcode: 16154
ห้องสมุดวิทยาเขตสวรรค์ประชารักษ์
►ส่วนจัดเก็บหนังสือเก่า สปร
บนชั้น
  ขอยืม

รายการใกล้เคียง
    หัวเรื่อง [ยารักษาโรคทางระบบหัวใจและหลอดเลือด]

BibComment


ยังไม่เคยถูกคอมเมนท์

คอมเมนท์ทรัพยากรรายการนี้
  คอมเมนท์: Cardiovascular dr..


 Copyright 2026. Bcnsprnw @Library